Lectures on developing economies : Japan’s experience and its relevance

This book consists of the following two part: The phrases of development economic development in historical perspective, semi-industrialization, technology, productivity, and employmant; Major factors and activities technology borrowing and human resources, capability, education, and utilization, in...

ver descrição completa

Na minha lista:
Detalhes bibliográficos
Autor principal: Ohkawa, Kazuhi
Formato: Livro
Idioma:Undetermined
Publicado em: Tokyo University of Tokyo Press 1989
Assuntos:
Tags: Adicionar Tag
Sem tags, seja o primeiro a adicionar uma tag!
Thư viện lưu trữ: Trung tâm Học liệu Trường Đại học Cần Thơ
LEADER 00991nam a2200229Ia 4500
001 CTU_111229
008 210402s9999 xx 000 0 und d
082 |a 338.952 
082 |b O.36 
100 |a Ohkawa, Kazuhi 
245 0 |a Lectures on developing economies : 
245 0 |b Japan’s experience and its relevance 
245 0 |c Kazuhi Ohkawa, Hirohisa Kohama 
260 |a Tokyo 
260 |b University of Tokyo Press 
260 |c 1989 
520 |a This book consists of the following two part: The phrases of development economic development in historical perspective, semi-industrialization, technology, productivity, and employmant; Major factors and activities technology borrowing and human resources, capability, education, and utilization, industrial policy. 
650 |a Economic development,Economic policy,Developing countries 
650 |x Economic policy 
650 |z Japan,Japan 
904 |i Hiếu 
980 |a Trung tâm Học liệu Trường Đại học Cần Thơ